[Event "Amsterdam Science Park op-A"]
[Site "Amsterdam"]
[Date "2023.07.20"]
[Round "6"]
[White "De Winter, Arthur"]
[Black "Van Zutphen, Jimmy"]
[Result "0-1"]
[WhiteElo "2378"]
[BlackElo "2067"]
[PlyCount "150"]
[EventDate "2023.07.15"]
[EventType "swiss"]
[EventRounds "9"]
[EventCountry "NED"]
[SourceTitle "CBM 215 Extra"]
[Source "ChessBase"]
[SourceDate "2023.09.30"]
[SourceVersion "1"]
[SourceVersionDate "2023.09.30"]
[SourceQuality "1"]

1. e4 c5 2. Nf3 Nc6 3. d4 cxd4 4. Nxd4 Nf6 5. Nc3 e5 6. Ndb5 d6 7. Nd5 Nxd5 8. exd5 Nb8 9. a4 Be7 10. Be2 0-0 11. Bd2 a6 12. Na3 Nd7 13. a5 f5 14. Nc4 g5 15. 0-0 Rf7 16. Bb4 Rf6 17. Ra3 Rh6 18. Qd2 Nf8 19. Nb6 Rb8 20. c4 Ng6 21. Rc3 g4 22. Qxh6 Bg5 23. Qxg5 Qxg5 24. Bxd6 f4 25. Bxb8 f3 26. Nxc8 fxe2 27. Re1 Qd2 28. Rcc1 Nf4 29. Ba7 Nd3 30. Be3 Qxa5 31. Rxe2 Nxc1 32. Bxc1 Qc5 33. b3 Qxc8 34. Rxe5 b5 35. Re4 Qf5 36. Re1 bxc4 37. bxc4 Qd3 38. d6 Qxd6 39. Be3 a5 40. c5 Qc6 41. Rb1 a4 42. Rb6 Qd5 43. h3 gxh3 44. gxh3 a3 45. Rd6 Qc4 46. Rd8+ Kf7 47. Ra8 a2 48. c6 Qd5 49. Bd4 Qxd4 50. Rxa2 Qd1+ 51. Kh2 Qd6+ 52. Kg1 Qxc6 53. Re2 Qc1+ 54. Kg2 Qc6+ 55. Kg1 Kf6 56. Re3 Kf5 57. Rg3 h5 58. Re3 Kf4 59. Rg3 h4 60. Re3 Qc2 61. Kf1 Qd1+ 62. Kg2 Qd5+ 63. Kg1 Qc6 64. Kf1 Qh1+ 65. Ke2 Qc1 66. Rf3+ Ke4 67. Re3+ Kd4 68. Rd3+ Ke4 69. Re3+ Kf4 70. Rf3+ Kg5 71. Re3 Qc4+ 72. Kd2 Kf4 73. Ke1 Qb5 74. Rc3 Qb4 75. Kd2 Qd4+ 0-1

[Event "Amsterdam Science Park op-A"]
[Site "Amsterdam"]
[Date "2023.07.16"]
[Round "2"]
[White "Van Zutphen, Jimmy"]
[Black "Bosboom, Manuel"]
[Result "1-0"]
[WhiteElo "2067"]
[BlackElo "2374"]
[PlyCount "79"]
[EventDate "2023.07.15"]
[EventType "swiss"]
[EventRounds "9"]
[EventCountry "NED"]
[SourceTitle "CBM 215 Extra"]
[Source "ChessBase"]
[SourceDate "2023.09.30"]
[SourceVersion "1"]
[SourceVersionDate "2023.09.30"]
[SourceQuality "1"]

1. d4 Nf6 2. Bf4 d6 3. e3 g6 4. h3 Bg7 5. Nf3 0-0 6. Be2 c5 7. c3 Be6 8. Nbd2 Qb6 9. Qc1 Nc6 10. 0-0 Rac8 11. dxc5 Qxc5 12. Ng5 Bf5 13. e4 Bd7 14. Be3 Qa5 15. f4 h6 16. Ngf3 Nh5 17. Qe1 e5 18. Nc4 Qc7 19. fxe5 dxe5 20. Bc5 Rfe8 21. Bd6 Qd8 22. Rd1 b5 23. Ne3 Qb6 24. Qf2 Nf4 25. Kh2 Nxe2 26. Qxe2 Nd4 27. Qf2 Qxd6 28. Kh1 Be6 29. cxd4 exd4 30. Qd2 Rcd8 31. Nc2 Bc4 32. Rfe1 d3 33. Nb4 a5 34. Nd5 a4 35. Nc3 Qc6 36. Rc1 Qe6 37. b3 axb3 38. axb3 b4 39. Na4 Bb5 40. Qxb4 1-0

[Event "NRW Class Playoff"]
[Site "Germany"]
[Date "2017.07.02"]
[Round "1.4"]
[White "Schneider, Bernd"]
[Black "Van Zutphen, Jimmy"]
[Result "0-1"]
[WhiteElo "2372"]
[BlackElo "2199"]
[PlyCount "144"]
[EventDate "2017.07.02"]
[EventType "team-match"]
[EventRounds "1"]
[EventCountry "GER"]
[SourceTitle "EXT 2023"]
[Source "ChessBase"]
[SourceDate "2022.10.05"]
[SourceVersion "1"]
[SourceVersionDate "2022.10.05"]
[SourceQuality "1"]
[WhiteTeam "Bochum SV"]
[BlackTeam "Erkenschwick"]
[WhiteTeamCountry "GER"]
[BlackTeamCountry "GER"]

1. c4 f5 2. Nf3 Nf6 3. g3 e6 4. Bg2 Be7 5. 0-0 0-0 6. d3 d6 7. Nc3 Qe8 8. e4 fxe4 9. dxe4 e5 10. h3 c5 11. Nd5 Qd8 12. Qd3 Nc6 13. Bd2 Nd4 14. Nxd4 cxd4 15. b4 Nxd5 16. cxd5 Bd7 17. a4 Qe8 18. Qb3 Rc8 19. f4 Kh8 20. Kh2 Qh5 21. Qf3 Qxf3 22. Rxf3 Rc2 23. Be1 Kg8 24. Kg1 Rfc8 25. Bf1 Rc1 26. Rfa3 Kf8 27. b5 Be8 28. R3a2 Bd7 29. Rxc1 Rxc1 30. Bd2 Rc8 31. Kg2 Kf7 32. Bd3 g6 33. Ra1 Kg7 34. Bb4 Kf7 35. Rf1 Ke8 36. f5 a5 37. Bd2 b6 38. g4 Kf7 39. Kg3 Bf8 40. h4 Be7 41. g5 Bf8 42. h5 Kg8 43. hxg6 hxg6 44. f6 Kf7 45. Rh1 Kg8 46. Kf3 Rc7 47. Rc1 Rxc1 48. Bxc1 Kf7 49. Bd2 Ke8 50. Kg3 Kd8 51. Be2 Ke8 52. Be1 Bc8 53. Bxa5 bxa5 54. b6 Kd8 55. Bb5 Bb7 56. Kf3 Bc8 57. Kg3 Bb7 58. Kf3 Bc8 59. Bc6 Ba6 60. b7 Kc7 61. Be8 Bxb7 62. Bxg6 Kd8 63. Bf7 Be7 64. Bh5 Bc8 65. Kf2 Bd7 66. fxe7+ Kxe7 67. Bd1 Be8 68. Bc2 Bh5 69. Kg3 Kf7 70. Bd3 Kg6 71. Kh4 Bd1 72. Bb5 Bc2 0-1

[Event "Vlissingen HZ op 16th"]
[Site "Vlissingen"]
[Date "2012.08.10"]
[Round "8"]
[White "Van Zutphen, Jimmy"]
[Black "Karavade, Eesha"]
[Result "0-1"]
[WhiteElo "2173"]
[BlackElo "2371"]
[PlyCount "82"]
[EventDate "2012.08.04"]
[EventType "swiss"]
[EventRounds "9"]
[EventCountry "NED"]
[SourceTitle "CBM 149 Extra"]
[Source "ChessBase"]
[SourceDate "2012.08.24"]
[SourceVersion "1"]
[SourceVersionDate "2012.08.24"]
[SourceQuality "1"]

1. d4 Nf6 2. Nf3 g6 3. Nc3 d5 4. Bf4 Bg7 5. e3 0-0 6. h3 c5 7. Be2 cxd4 8. exd4 Nc6 9. 0-0 Ne4 10. Bd3 Bf5 11. Re1 Nxd4 12. Nxe4 dxe4 13. Bxe4 Qb6 14. Rb1 Be6 15. Be3 Rad8 16. c3 Nxf3+ 17. Qxf3 Qb5 18. Bxb7 Bxa2 19. Rbc1 a5 20. Bc6 Qxb2 21. Re2 Qb3 22. Kh2 Bb1 23. Bc5 Rd3 24. Re3 Rxe3 25. Qxe3 Rc8 26. Bd7 Bh6 27. Qxh6 Rxc5 28. Qe3 Qb8+ 29. g3 Rc7 30. Ba4 Bf5 31. Rd1 Qc8 32. Qe5 Bxh3 33. Qxa5 Bg4 34. Rd4 Qf5 35. Qa8+ Rc8 36. Qg2 Qh5+ 37. Kg1 Bf3 38. Qh2 Rxc3 39. Qxh5 gxh5 40. Rf4 Rc1+ 41. Kh2 Rh1# 0-1

[Event "Vlissingen HZ op 16th"]
[Site "Vlissingen"]
[Date "2012.08.08"]
[Round "6"]
[White "Van Zutphen, Jimmy"]
[Black "Thesing, Matthias"]
[Result "1/2-1/2"]
[WhiteElo "2173"]
[BlackElo "2412"]
[PlyCount "70"]
[EventDate "2012.08.04"]
[EventType "swiss"]
[EventRounds "9"]
[EventCountry "NED"]
[SourceTitle "CBM 149 Extra"]
[Source "ChessBase"]
[SourceDate "2012.08.24"]
[SourceVersion "1"]
[SourceVersionDate "2012.08.24"]
[SourceQuality "1"]

1. d4 Nf6 2. Nf3 d5 3. Bf4 c5 4. dxc5 e6 5. c3 Bxc5 6. e3 0-0 7. h3 Nc6 8. Be2 Qe7 9. 0-0 Rd8 10. Qc2 e5 11. Bh2 Bd6 12. Nbd2 Be6 13. Rad1 Rac8 14. Qb1 h6 15. c4 e4 16. Bxd6 Rxd6 17. Nd4 Nxd4 18. exd4 dxc4 19. Nxe4 Nxe4 20. Qxe4 Qd7 21. Bf3 Bd5 22. Qg4 Qxg4 23. hxg4 Bxf3 24. gxf3 c3 25. bxc3 Rxc3 26. Kg2 Rf6 27. d5 Kf8 28. Rfe1 Rc7 29. Rc1 Rxc1 30. Rxc1 Rb6 31. Rc7 Ke8 32. a4 a5 33. Rc5 Ra6 34. Rc7 Rb6 35. Rc5 Ra6 1/2-1/2

[Event "Oberliga NRW 1112"]
[Site "Germany"]
[Date "2012.03.25"]
[Round "8.6"]
[White "Schudro, Vassilij"]
[Black "Van Zutphen, Jimmy"]
[Result "1/2-1/2"]
[WhiteElo "2154"]
[BlackElo "2158"]
[PlyCount "136"]
[EventDate "2011.09.18"]
[EventType "team-tourn"]
[EventRounds "9"]
[EventCountry "GER"]
[SourceTitle "EXT 2015"]
[Source "ChessBase"]
[SourceDate "2014.11.20"]
[SourceVersion "1"]
[SourceVersionDate "2014.11.20"]
[SourceQuality "1"]
[WhiteTeam "Emsdetten Turm II"]
[BlackTeam "Erkenschwick"]
[WhiteTeamCountry "GER"]
[BlackTeamCountry "GER"]

1. e4 c5 2. Nf3 Nc6 3. d4 cxd4 4. Nxd4 e5 5. Nb5 a6 6. Nd6+ Bxd6 7. Qxd6 Qf6 8. Qc7 Nge7 9. Nc3 Nb4 10. Bd3 d5 11. 0-0 d4 12. Ne2 Nxd3 13. cxd3 Nc6 14. f4 Qe7 15. Qxe7+ Kxe7 16. b3 Rd8 17. Ba3+ Ke8 18. fxe5 Nxe5 19. Nf4 Be6 20. Nh5 Rdc8 21. Nxg7+ Kd7 22. Bb2 Nxd3 23. Bxd4 Nb4 24. Nxe6 fxe6 25. Rf7+ Kd6 26. e5+ Kd5 27. Rd7+ Ke4 28. Re1+ Kf5 29. Rf7+ Kg6 30. Rf6+ Kg7 31. Ref1 Nc6 32. Be3 Re8 33. Rf7+ Kg8 34. Rxb7 Re7 35. Rxe7 Nxe7 36. Rf6 Nd5 37. Rf3 Nxe3 38. Rxe3 Rc8 39. a3 Rc2 40. h3 Kf7 41. Kh2 Kg6 42. Kg3 Kf5 43. Kf3 h5 44. g3 a5 45. g4+ hxg4+ 46. hxg4+ Kg5 47. b4 Rc4 48. Rb3 axb4 49. axb4 Rf4+ 50. Ke2 Rxg4 51. b5 Kf5 52. b6 Rg8 53. b7 Rb8 54. Rb5 Ke4 55. Kd2 Kd4 56. Kc2 Kc4 57. Rb6 Kc5 58. Rb3 Kd5 59. Kc3 Kxe5 60. Rb6 Kd5 61. Kb4 e5 62. Ka5 e4 63. Ka6 e3 64. Ka7 Rxb7+ 65. Rxb7 Kd4 66. Rb1 e2 67. Kb6 Kd3 68. Kc5 Kd2 1/2-1/2

[Event "Oberliga NRW 1112"]
[Site "Germany"]
[Date "2011.10.09"]
[Round "2.6"]
[White "Bouaraba, Max"]
[Black "Van Zutphen, Jimmy"]
[Result "1/2-1/2"]
[WhiteElo "2143"]
[BlackElo "2146"]
[PlyCount "31"]
[EventDate "2011.09.18"]
[EventType "team-tourn"]
[EventRounds "9"]
[EventCountry "GER"]
[SourceTitle "EXT 2015"]
[Source "ChessBase"]
[SourceDate "2014.11.20"]
[SourceVersion "1"]
[SourceVersionDate "2014.11.20"]
[SourceQuality "1"]
[WhiteTeam "Wattenscheid II"]
[BlackTeam "Erkenschwick"]
[WhiteTeamCountry "GER"]
[BlackTeamCountry "GER"]

1. d4 d5 2. Bf4 Bf5 3. e3 e6 4. Nf3 Bd6 5. Bxd6 Qxd6 6. c4 c6 7. Qb3 Qc7 8. Nc3 Nd7 9. Rc1 Qb6 10. Qa3 Ngf6 11. Nh4 Bg6 12. cxd5 exd5 13. Be2 Qd8 14. 0-0 Qe7 15. Qxe7+ Kxe7 16. g4 1/2-1/2

[Event "Paris-ch op-A"]
[Site "Paris"]
[Date "2010.07.09"]
[Round "7"]
[White "Van Zutphen, Jimmy"]
[Black "Favier, Alain"]
[Result "0-1"]
[WhiteElo "2203"]
[BlackElo "2090"]
[PlyCount "70"]
[EventDate "2010.07.03"]
[EventType "swiss"]
[EventRounds "9"]
[EventCountry "FRA"]
[SourceTitle "CBM 137 Extra"]
[Source "ChessBase"]
[SourceDate "2010.09.01"]
[SourceVersion "1"]
[SourceVersionDate "2010.09.01"]
[SourceQuality "1"]

1. d4 Nf6 2. c3 g6 3. Bg5 Bg7 4. Nd2 d6 5. e3 Nbd7 6. Bd3 c5 7. Ne2 0-0 8. 0-0 b6 9. Qe1 Bb7 10. f3 Qc8 11. Qf2 Ba6 12. Bc2 Qc6 13. Rae1 Rac8 14. Bb3 Bd3 15. Qh4 c4 16. Bd1 Rfe8 17. Rf2 Qb5 18. b4 cxb3 19. axb3 Qa5 20. e4 Bxe2 21. Rfxe2 Qxc3 22. e5 dxe5 23. dxe5 Nd5 24. e6 fxe6 25. Qh3 Nc5 26. Rxe6 Nd3 27. Qg4 Nxe1 28. Rxe1 Qd4+ 29. Qxd4 Bxd4+ 30. Kf1 Kg7 31. Ne4 h6 32. Bd2 Bc3 33. Kf2 Bxd2 34. Nxd2 Rc1 35. Re5 Nf4 0-1

[Event "Dos Hermanas Internet qual-A 10th"]
[Site "ICC INT"]
[Date "2009.03.13"]
[Round "9"]
[White "Jorgensen, Carina Eilegaard"]
[Black "Van Zutphen, Jimmy"]
[Result "0-1"]
[WhiteElo "1977"]
[BlackElo "2193"]
[PlyCount "136"]
[EventDate "2009.03.13"]
[EventType "swiss (blitz)"]
[EventRounds "12"]
[EventCountry "ESP"]
[SourceTitle "CBM 129 Extra"]
[Source "ChessBase"]
[SourceDate "2009.05.05"]
[SourceVersion "2"]
[SourceVersionDate "2009.05.20"]
[SourceQuality "1"]

1. d4 d5 2. c4 Bf5 3. Nc3 e6 4. Nf3 Nf6 5. Bg5 c6 6. e3 Nbd7 7. Nh4 Bg4 8. f3 Bh5 9. g4 Bg6 10. Nxg6 hxg6 11. Bd3 Be7 12. Qc2 Qb6 13. cxd5 exd5 14. 0-0-0 0-0-0 15. Kb1 Kb8 16. Na4 Qc7 17. h4 Bd6 18. e4 dxe4 19. fxe4 Nxg4 20. e5 Bb4 21. Qg2 Nh6 22. Rhf1 Rhf8 23. a3 Ba5 24. Nc3 Bxc3 25. bxc3 Rde8 26. Bc4 f6 27. Bxh6 gxh6 28. Qxg6 fxe5 29. Rxf8 Rxf8 30. dxe5 Nxe5 31. Qe6 Nxc4 32. Qxc4 a6 33. Qe6 h5 34. Qg6 Qb6+ 35. Kc2 Qf2+ 36. Rd2 Qf5+ 37. Qxf5 Rxf5 38. Rd8+ Ka7 39. Kd3 Rf4 40. Rd4 Rxd4+ 41. Kxd4 Kb6 42. Ke5 Kc5 43. Kf5 Kc4 44. Kg5 Kxc3 45. Kxh5 Kb3 46. Kg6 c5 47. h5 c4 48. h6 c3 49. h7 c2 50. h8Q c1Q 51. Qh3+ Qc3 52. Qe6+ Kxa3 53. Qe7+ Ka4 54. Qxb7 a5 55. Qd7+ Ka3 56. Qd6+ Qb4 57. Qd3+ Qb3 58. Qd6+ Kb2 59. Qe5+ Qc3 60. Qb5+ Kc1 61. Qg5+ Qd2 62. Qg1+ Kb2 63. Qb6+ Ka3 64. Qc5+ Qb4 65. Qc1+ Ka4 66. Qa1+ Kb5 67. Qe5+ Qc5 68. Qb2+ Kc6 0-1

[Event "Politiken Cup 30th"]
[Site "Helsingor"]
[Date "2008.07.24"]
[Round "7"]
[White "Moor, Olivier"]
[Black "Van Zutphen, Jimmy"]
[Result "1-0"]
[WhiteElo "2388"]
[BlackElo "2201"]
[PlyCount "71"]
[EventDate "2008.07.19"]
[EventType "swiss"]
[EventRounds "10"]
[EventCountry "DEN"]
[SourceTitle "CBM 125 Extra"]
[Source "ChessBase"]
[SourceDate "2008.09.01"]
[SourceVersion "1"]
[SourceVersionDate "2008.09.01"]
[SourceQuality "1"]

1. d4 d5 2. c4 Bf5 3. cxd5 Bxb1 4. Qa4+ Qd7 5. Qxd7+ Nxd7 6. Rxb1 Ngf6 7. Bd2 Nxd5 8. e4 N5f6 9. f3 e6 10. b4 Be7 11. Bc4 0-0 12. Ne2 Rfd8 13. Bc3 Rac8 14. Kf2 Ne8 15. a4 a6 16. Rhd1 Ndf6 17. Bd3 Nd7 18. Nc1 Nb6 19. a5 Nd7 20. b5 axb5 21. Bxb5 c5 22. d5 exd5 23. Rxd5 Nef6 24. Rd2 Nf8 25. Bc4 Rxd2+ 26. Bxd2 Rc7 27. Bf4 Rd7 28. Nd3 Ne6 29. Ne5 Rc7 30. Bg3 Bd6 31. Rb6 Bxe5 32. Bxe5 Re7 33. Bd6 Rd7 34. e5 Ne8 35. Bb5 Rd8 36. Rxb7 1-0

[Event "Poznan op 16th"]
[Site "Poznan"]
[Date "2007.07.29"]
[Round "9"]
[White "Van Zutphen, Jimmy"]
[Black "Sobczak, Miroslaw"]
[Result "1-0"]
[WhiteElo "2210"]
[BlackElo "2088"]
[PlyCount "59"]
[EventDate "2007.07.21"]
[EventType "swiss"]
[EventRounds "9"]
[EventCountry "POL"]
[SourceTitle "EXT 2010"]
[Source "ChessBase"]
[SourceDate "2010.11.25"]
[SourceVersion "1"]
[SourceVersionDate "2010.11.25"]
[SourceQuality "1"]

1. d4 Nf6 2. c3 d6 3. Bg5 Nbd7 4. Nd2 e5 5. e3 g6 6. Bd3 Bg7 7. Ne2 0-0 8. 0-0 Qe8 9. e4 h6 10. Bxf6 Nxf6 11. h3 Nh5 12. f4 c5 13. Nc4 Qe7 14. dxc5 dxc5 15. Ne3 exf4 16. Nxf4 Ng3 17. Nfd5 Qg5 18. Rf3 h5 19. Nf1 Be5 20. Nxg3 Bxg3 21. Qe2 Bd6 22. Raf1 Qe5 23. Qe3 Be6 24. Bc4 b5 25. Qh6 Qh2+ 26. Kf2 Bxd5 27. Bxd5 Be5 28. Qxg6+ Kh8 29. Qxh5+ Kg8 30. Rh1 1-0

[Event "Poznan op 16th"]
[Site "Poznan"]
[Date "2007.07.28"]
[Round "8"]
[White "Wcislo, Damian"]
[Black "Van Zutphen, Jimmy"]
[Result "1-0"]
[WhiteElo "2099"]
[BlackElo "2210"]
[PlyCount "61"]
[EventDate "2007.07.21"]
[EventType "swiss"]
[EventRounds "9"]
[EventCountry "POL"]
[SourceTitle "EXT 2010"]
[Source "ChessBase"]
[SourceDate "2010.11.25"]
[SourceVersion "1"]
[SourceVersionDate "2010.11.25"]
[SourceQuality "1"]

1. d4 d5 2. c4 Bf5 3. Qb3 e5 4. Qxb7 Nd7 5. Nc3 Rb8 6. Qxa7 Ngf6 7. e3 Bb4 8. Bd2 0-0 9. Nf3 Nb6 10. Nxe5 Qc8 11. Nb5 Bxd2+ 12. Kxd2 Ne4+ 13. Ke1 c6 14. Na3 Nxc4 15. Naxc4 dxc4 16. Nxc4 Qe6 17. Qc7 f6 18. h4 Rfc8 19. Qf4 Rb4 20. Rc1 Kh8 21. Rh2 Rxb2 22. Nxb2 Qxa2 23. Nc4 Qb3 24. Qxf5 Re8 25. Qa5 c5 26. d5 f5 27. Qa3 Qb8 28. Rh3 f4 29. Be2 fxe3 30. Nxe3 Qf4 31. Bf3 1-0

[Event "Poznan op 16th"]
[Site "Poznan"]
[Date "2007.07.25"]
[Round "5"]
[White "Van Zutphen, Jimmy"]
[Black "Kozlowski, Tomasz"]
[Result "1-0"]
[WhiteElo "2210"]
[BlackElo "2018"]
[PlyCount "89"]
[EventDate "2007.07.21"]
[EventType "swiss"]
[EventRounds "9"]
[EventCountry "POL"]
[SourceTitle "EXT 2010"]
[Source "ChessBase"]
[SourceDate "2010.11.25"]
[SourceVersion "1"]
[SourceVersionDate "2010.11.25"]
[SourceQuality "1"]

1. e4 d5 2. Nc3 Nf6 3. exd5 Nxd5 4. Bc4 c6 5. d3 Be6 6. Bb3 Nxc3 7. bxc3 Bxb3 8. axb3 g6 9. h4 Bg7 10. Bd2 Qd5 11. Nf3 e5 12. c4 Qd6 13. Bc3 0-0 14. 0-0 c5 15. Nd2 Nc6 16. h5 f5 17. hxg6 hxg6 18. Qf3 e4 19. dxe4 Bxc3 20. Qxc3 Nd4 21. Rfe1 Rae8 22. Qd3 Qf4 23. exf5 Rxe1+ 24. Rxe1 Rxf5 25. f3 Rg5 26. Qe4 Qxe4 27. Rxe4 Rf5 28. c3 Nc6 29. Kf2 Rf7 30. Re6 Rd7 31. Ke2 Kf7 32. Re3 b6 33. f4 a5 34. Rd3 Rxd3 35. Kxd3 g5 36. fxg5 Kg6 37. Nf3 Kf5 38. g6 Kxg6 39. Ke4 Kf6 40. Kd5 a4 41. bxa4 Na5 42. Nd2 Kf5 43. Kd6 Kf4 44. Kc7 Ke3 45. Kxb6 1-0

[Event "Poznan op 16th"]
[Site "Poznan"]
[Date "2007.07.22"]
[Round "2"]
[White "Van Zutphen, Jimmy"]
[Black "Rogalewicz, Marek"]
[Result "1-0"]
[WhiteElo "2210"]
[BlackElo "2050"]
[PlyCount "172"]
[EventDate "2007.07.21"]
[EventType "swiss"]
[EventRounds "9"]
[EventCountry "POL"]
[SourceTitle "EXT 2010"]
[Source "ChessBase"]
[SourceDate "2010.11.25"]
[SourceVersion "1"]
[SourceVersionDate "2010.11.25"]
[SourceQuality "1"]

1. d4 Nf6 2. c3 g6 3. Bg5 Bg7 4. Nd2 d5 5. e3 c5 6. Bd3 cxd4 7. exd4 0-0 8. Ngf3 Nc6 9. 0-0 Qb6 10. Rb1 e5 11. Nxe5 Nxe5 12. dxe5 Ng4 13. Be2 Nxe5 14. Be3 Qa5 15. Nb3 Qxa2 16. Bc5 Re8 17. Ba3 Nc4 18. Ra1 Nxb2 19. Rxa2 Nxd1 20. Bxd1 Bxc3 21. Bc5 Bd7 22. Bd4 Bb4 23. Be2 a5 24. Bd3 a4 25. Nc5 Bc6 26. Rb1 Re1+ 27. Rxe1 Bxe1 28. Bc2 b5 29. Nd3 Ba5 30. Ne5 Rc8 31. f4 Be8 32. Kf2 Bd8 33. Ke3 Be7 34. Nd3 Bd7 35. h3 Bf5 36. g4 Be4 37. Bd1 Bd6 38. Rc2 Re8 39. Be5 Bxe5 40. fxe5 Bxd3 41. Kxd3 Rxe5 42. Rc5 Re1 43. Kd2 Rh1 44. Rxb5 Rh2+ 45. Be2 Rxh3 46. Rxd5 a3 47. Ra5 Kg7 48. Ke1 h6 49. Kf2 Rc3 50. Ra6 Kf8 51. Ke1 Ke7 52. Kd2 Rg3 53. Ra7+ Kf6 54. Ra6+ Ke5 55. Ra7 f5 56. gxf5 gxf5 57. Bd3 Rg2+ 58. Be2 Rg3 59. Bd3 f4 60. Rxa3 Rg2+ 61. Ke1 Rb2 62. Be2 Ke4 63. Ra4+ Kf5 64. Ra5+ Ke4 65. Kf2 Rb6 66. Bf3+ Kd4 67. Rd5+ Kc3 68. Rf5 Rb4 69. Rf6 Kd3 70. Rd6+ Kc3 71. Rxh6 Kd3 72. Rd6+ Rd4 73. Be2+ Ke4 74. Re6+ Kf5 75. Re8 Rb4 76. Bd3+ Kf6 77. Kf3 Rb3 78. Ke4 Rb4+ 79. Kd5 Ra4 80. Be4 Ra5+ 81. Kd4 Ra4+ 82. Kd3 Ra3+ 83. Ke2 Re3+ 84. Kf2 Kg5 85. Rg8+ Kf6 86. Bf3 Ra3 1-0

[Event "Ghent op"]
[Site "Ghent"]
[Date "2007.07.16"]
[Round "5"]
[White "Lacrosse, Marc"]
[Black "Van Zutphen, Jimmy"]
[Result "1-0"]
[WhiteElo "2301"]
[BlackElo "2210"]
[PlyCount "66"]
[EventDate "2007.07.14"]
[EventType "swiss"]
[EventRounds "9"]
[EventCountry "BEL"]
[SourceTitle "CBM 119 Extra"]
[Source "ChessBase"]
[SourceDate "2007.09.04"]
[SourceVersion "1"]
[SourceVersionDate "2007.09.04"]
[SourceQuality "1"]

1. d4 d5 2. c4 Bf5 3. cxd5 Bxb1 4. Qa4+ Qd7 5. Qxd7+ Nxd7 6. Rxb1 Ngf6 7. f3 Nxd5 8. e4 N5f6 9. Ne2 e6 10. b4 Be7 11. Be3 0-0 12. Nc3 c6 13. Bd3 Rfd8 14. Ke2 e5 15. Rhd1 exd4 16. Bxd4 Nb6 17. Be3 Rd7 18. a4 Rad8 19. a5 Nc8 20. e5 Nd5 21. Nxd5 Rxd5 22. Bf5 Bf8 23. Rxd5 cxd5 24. Bxc8 Rxc8 25. Bxa7 Re8 26. f4 f6 27. Bd4 Bd6 28. Kd3 fxe5 29. Bxe5 Be7 30. b5 Kf7 31. a6 bxa6 32. b6 Bc5 33. b7 Ba7 1-0

[Event "Ghent op"]
[Site "Ghent"]
[Date "2007.07.15"]
[Round "3"]
[White "Van der Stricht, Geert"]
[Black "Van Zutphen, Jimmy"]
[Result "1/2-1/2"]
[WhiteElo "2430"]
[BlackElo "2210"]
[PlyCount "85"]
[EventDate "2007.07.14"]
[EventType "swiss"]
[EventRounds "9"]
[EventCountry "BEL"]
[SourceTitle "CBM 119 Extra"]
[Source "ChessBase"]
[SourceDate "2007.09.04"]
[SourceVersion "1"]
[SourceVersionDate "2007.09.04"]
[SourceQuality "1"]

1. d4 d5 2. c4 Bf5 3. cxd5 Bxb1 4. Qa4+ Qd7 5. Qxd7+ Nxd7 6. Rxb1 Ngf6 7. Bd2 Nb6 8. f3 Nbxd5 9. e4 Nb6 10. d5 0-0-0 11. Nh3 h6 12. Rc1 g5 13. Nf2 Bg7 14. h4 gxh4 15. Bc3 Ne8 16. Bxg7 Nxg7 17. Nd3 e6 18. Ne5 Rhf8 19. dxe6 fxe6 20. Rxh4 h5 21. Be2 Nd7 22. Ng6 Rf6 23. Ne7+ Kb8 24. Rd1 c6 25. e5 Rf7 26. Ng6 Kc7 27. Kf2 Rg8 28. Bd3 Nb6 29. Rf4 Rd7 30. Rf8 Rxf8 31. Nxf8 Rf7 32. Ng6 Nd5 33. g3 b5 34. Rh1 Kb6 35. f4 Nb4 36. Bb1 Rd7 37. Ke2 c5 38. Rd1 Rxd1 39. Kxd1 c4 40. Kd2 Nd5 41. a3 a5 42. Nh4 Kc5 43. Nf3 1/2-1/2

[Event "Vlissingen HZ op 10th"]
[Site "Vlissingen"]
[Date "2006.08.10"]
[Round "7"]
[White "Van Zutphen, Jimmy"]
[Black "Holwijn, Melvin"]
[Result "1/2-1/2"]
[WhiteElo "2194"]
[BlackElo "2002"]
[PlyCount "116"]
[EventDate "2006.08.05"]
[EventType "swiss"]
[EventRounds "9"]
[EventCountry "NED"]
[SourceTitle "CBM 113 Extra"]
[Source "ChessBase"]
[SourceDate "2006.09.14"]
[SourceVersion "1"]
[SourceVersionDate "2006.09.14"]
[SourceQuality "1"]

1. d4 c5 2. c3 cxd4 3. cxd4 d5 4. Nc3 Nc6 5. Nf3 Nf6 6. Bf4 Qb6 7. Qb3 Qxb3 8. axb3 Bf5 9. e3 e6 10. Bb5 Nd7 11. 0-0 Be7 12. Rfc1 0-0 13. Bxc6 bxc6 14. Ra6 Nb8 15. Ra4 f6 16. h3 a6 17. Rca1 Ra7 18. Bxb8 Rxb8 19. Rxa6 Rxa6 20. Rxa6 Rxb3 21. Rxc6 Kf7 22. Nd1 Rb7 23. Ne1 Ra7 24. Kf1 e5 25. Ke2 exd4 26. exd4 Ra4 27. Nf3 Rb4 28. Kd2 Rb3 29. Kc1 Be4 30. Nd2 Rb4 31. Nxe4 dxe4 32. d5 f5 33. Ne3 Bg5 34. Kc2 f4 35. Nc4 e3 36. fxe3 fxe3 37. b3 Rb8 38. Ne5+ Kg8 39. Nf3 Bf4 40. Rc4 g5 41. Nd4 Ra8 42. Kd3 Ra1 43. Rc2 Rd1+ 44. Ke4 Rd2 45. Rc1 Rxg2 46. Re1 Rb2 47. Nf5 Rxb3 48. Nxe3 Rb4+ 49. Kf5 Rd4 50. Ng4 Rxd5+ 51. Ke6 Rd6+ 52. Kf5 Kf7 53. Ra1 Rd7 54. h4 Rb7 55. hxg5 Bd2 56. Ne5+ Kg7 57. Rd1 Bc3 58. Rd5 Bxe5 1/2-1/2

[Event "Vlissingen HZ op 10th"]
[Site "Vlissingen"]
[Date "2006.08.08"]
[Round "5"]
[White "Van Zutphen, Jimmy"]
[Black "Stange, Wim"]
[Result "1/2-1/2"]
[WhiteElo "2194"]
[BlackElo "2117"]
[PlyCount "130"]
[EventDate "2006.08.05"]
[EventType "swiss"]
[EventRounds "9"]
[EventCountry "NED"]
[SourceTitle "CBM 113 Extra"]
[Source "ChessBase"]
[SourceDate "2006.09.14"]
[SourceVersion "1"]
[SourceVersionDate "2006.09.14"]
[SourceQuality "1"]

1. d4 Nf6 2. c3 d6 3. Bg5 Nbd7 4. Nd2 g6 5. e3 Bg7 6. Bd3 h6 7. Bh4 c5 8. Ne2 a6 9. 0-0 b6 10. e4 e5 11. f4 exf4 12. Bxf6 Bxf6 13. Rxf4 0-0 14. Nc4 Bg5 15. Rf3 Qe7 16. Qf1 Bb7 17. Ng3 Rae8 18. Ne3 Bxe3+ 19. Rxe3 f5 20. Rf3 fxe4 21. Rxf8+ Rxf8 22. Qe2 d5 23. Bxa6 Bxa6 24. Qxa6 cxd4 25. Qb5 Qc5 26. Qxc5 bxc5 27. Rd1 d3 28. c4 Nf6 29. cxd5 Rd8 30. Nxe4 Nxe4 31. Rxd3 Nf6 32. d6 Ne4 33. d7 Nf6 34. Rd6 Kf7 35. Rc6 Nxd7 36. a3 Rb8 37. b4 cxb4 38. axb4 Rxb4 39. h3 h5 40. Kh2 h4 41. Rd6 Nf6 42. Rc6 Ne4 43. Rc1 Kf6 44. Rf1+ Kg5 45. Rd1 Rb2 46. Re1 Kf4 47. Rf1+ Rf2 48. Re1 Ng5 49. Rc1 Nf3+ 50. Kh1 Kg3 51. gxf3 Rh2+ 52. Kg1 Rxh3 53. Rc3 Kf4 54. Kg2 Rg3+ 55. Kf2 Kg5 56. Rc5+ Kh6 57. Rc6 Rg5 58. Rc4 Kh5 59. Rc8 Ra5 60. Kg2 Rg5+ 61. Kf2 Ra5 62. Kg2 Ra2+ 63. Kh3 Rf2 64. Rf8 Kg5 65. Rf7 Rf1 1/2-1/2